Guia de cooperatives de treball associat de Catalunya
Publicado:
Barcelona :
Generalitat de Catalunya. Departament de Treball. Direcció General de Cooperatives ,
1982
Descripción Física:
223 p. : il. ; 23 cm
MARC
| LEADER | 00000nam a2200000Ia 4500 | ||
|---|---|---|---|
| 001 | 1484 | ||
| 008 | 160829s1982 xx 000 0 cat d | ||
| 080 | |a M-1-293 | ||
| 245 | |a Guia de cooperatives de treball associat de Catalunya | ||
| 260 | |a Barcelona : |b Generalitat de Catalunya. Departament de Treball. Direcció General de Cooperatives, |c 1982 | ||
| 300 | |a 223 p. : |b il. ; |c 23 cm | ||
| 650 | |a Cooperatives de treball associat |x Catalunya |9 28563 | ||
| 901 | |a Arxiu | ||
| 942 | |n 1 | ||
| 952 | |0 0 |1 0 |4 0 |6 M1293 |7 1 |9 42033 |a Arxiu |b Arxiu |d 2016-12-01 |l 0 |o M-1-293 |p 1484 |r 2016-12-01 00:00:00 |w 2016-12-01 |y ARXIU | ||
| 999 | |c 44480 |d 44480 | ||